| 000 | 01478nam a2200289Ia 4500 | ||
|---|---|---|---|
| 001 | 99390 | ||
| 003 | IT-RoPAU | ||
| 008 | 130308s9999 xx 000 0 und d | ||
| 040 | _aIT-RoPAU | ||
| 040 | _cIT-RoPAU | ||
| 041 | _aFRANCESE | ||
| 100 | _aRastier Francois | ||
| 100 | _gCodice Aut. SPICS: 12934 | ||
| 245 | _aSemantique et recherches cognitives | ||
| 245 | _bSemantique et Recherches Cognitives | ||
| 250 | _a1a ed. | ||
| 260 | _aPARIS | ||
| 260 | _bPresses Universitaires France | ||
| 260 | _c1991 [1° Ed.:1991 - Ed.Ling.Originale:1991] | ||
| 300 | _a"264 p. (prefazione: no ; testo: 264 [pagine: 0-0])" | ||
| 500 | _aSemantica e ricerche Cognitive. Storia ed Epistemologia. Geografia della Ricerca Cognitiva. Storiografia della Ricerca Cognitiva. Linguistica e Ricerca Cognitiva. Dal Concetto al Significato. Modelli della Significazione. Due relazioni Fondamentali: referenza e Inferenza. Universalismo Relativismo e Determinismo. Semantica e Intelligenza Artificiale. Semantica delle Reti.Semantica Formale e Cognitiva. Formalismi dell'Intelligenza Artificiale e rappresentazioni del Significato Lessicale. Dialogo Uomo Macchina e rappresentazione dell'Interlocutore. Dalla Psicologia Alle Neuroscienze. Categorizzazione Tipicalità e Lessicologia. Percezione Semantica. Sustrati Anatomici delle Culture e delle Lingue. Glossario. | ||
| 650 | _aSEMANTICA | ||
| 650 | _eCodice materia Spics: 3301 | ||
| 942 | _cBK | ||
| 957 | _71 | ||
| 999 |
_c88321 _d88321 |
||
| 999 | _g1 | ||